Najczęstsze imiona męskie w USA - Statystyki

Ogólne statystyki
  • Ten quiz został rozwiązany 50 razy
  • Średni wynik to 18 z 50
Statystyki odpowiedzi
Ranga Litera Imię Średni wiek % Poprawnych
3 J John 53
97%
28 J Jonathan 32
97%
1 M Michael 47
89%
5 R Robert 56
78%
44 G George 56
69%
12 T Thomas 51
69%
2 J James 53
61%
4 D David 50
56%
9 D Daniel 40
53%
6 W William 50
53%
27 P Paul 55
50%
11 R Richard 58
50%
47 A Adam 33
44%
38 A Alexander 23
44%
35 D Donald 62
44%
17 M Mark 53
44%
42 G Gregory 52
42%
8 J Joseph 44
42%
10 M Matthew 34
42%
16 A Andrew 34
39%
34 R Ronald 62
39%
7 C Christopher 38
36%
37 S Stephen 51
36%
18 S Steven 50
36%
30 E Eric 41
33%
19 K Kevin 43
33%
25 N Nicholas 30
33%
40 S Samuel 30
33%
33 B Benjamin 28
31%
22 T Timothy 48
31%
14 A Anthony 38
28%
13 C Charles 53
28%
49 N Nathan 27
28%
46 P Patrick 45
25%
41 E Edward 55
22%
24 J Jacob 24
22%
29 K Kenneth 55
17%
48 Z Zachary 26
17%
20 B Brian 45
14%
39 G Gary 62
14%
50 L Larry 63
14%
36 S Scott 51
14%
21 J Jason 39
11%
31 J Justin 32
11%
23 R Ryan 30
11%
26 J Jeffrey 51
8%
15 J Joshua 30
8%
45 A Aaron 31
6%
43 T Tyler 25
6%
32 B Brandon 30
3%
Nie znaleziono quizów pasujących do podanych kryteriów
Rozkład punktacji
Procent ludzi z każdym wynikiem
Percentyl według liczby udzielonych odpowiedzi
Twoja historia wyników
Nie rozwiązałeś tego quizu